Libertad y necesidad : un estudio sobre el reino de la subjetividad o de la libertad en la doctrina del concepto de la "Ciencia de la lógica" de G.W.F. Hegel
保存先:
| 第一著者: | |
|---|---|
| フォーマット: | 図書 |
| 言語: | Undetermined |
| 出版事項: |
San José, Costa Rica
Escuela de Filosofía,Universidad de Costa Rica
2009
|
| 主題: | |
| タグ: |
タグ追加
タグなし, このレコードへの初めてのタグを付けませんか!
|
MARC
| LEADER | 00000nam a2200000Ia 4500 | ||
|---|---|---|---|
| 008 | 170316s9999 xx 000 0 und d | ||
| 040 | |a cru BVZT | ||
| 090 | |a Tesis 817 | ||
| 100 | |a Prendas Solano, Jorge Alberto | ||
| 245 | |a Libertad y necesidad : un estudio sobre el reino de la subjetividad o de la libertad en la doctrina del concepto de la "Ciencia de la lógica" de G.W.F. Hegel | ||
| 260 | |a San José, Costa Rica | ||
| 260 | |b Escuela de Filosofía,Universidad de Costa Rica | ||
| 260 | |c 2009 | ||
| 300 | |a 200 páginas | ||
| 650 | |a FILOSOFÍA | ||
| 650 | |a TRABAJO FINAL DE GRADUACIÓN | ||
| 650 | |a HEGEL | ||
| 650 | |a IDEALISMO | ||
| 650 | |a LÓGICA | ||
| 999 | |c 14487 |d 14487 | ||
| 942 | |c TFG |h Tesis 817 |2 z | ||
